Statistics for Most Guessed English Words

Click here to take the quiz!

General Stats

  • This quiz has been taken 58 times
  • The average score is 15 of 20

Answer Stats

%word% Correct
97a
96%
96I
96%
96the
92%
82an
90%
89he
81%
65in
79%
68on
79%
74to
77%
67and
75%
91be
75%
74do
75%
69it
75%
79she
75%
82you
75%
78we
73%
67me
69%
70they
65%
77no
63%
71go
54%
69her
48%

Score Distribution

Percentile by Number Answered

Percent of People with Each Score

Your Score History

You have not taken this quiz